Instrucciones generales en forma de catecismo: en las quales por la Sagrada Escritura y la tradicion se explican en compendio la historia y los dogmas de la religion, la moral christiana, los sacramentos, la oracion, las ceremonias y usos de la iglesia / escritas en frances por el P. Francisco Amado Pouget, Presbítero del Oratorio, doctor de la Sorbona y abad de Chambon. Con dos catecismos abreviados para uso de los niños. Traducidas ahora nuevamente en castellano de la edicion original del año de 1702, con acuerdo del eminentísimo, y excelentísimo Sr. don Francisco Antonio Lorenzana, cardenal de la santa iglesia romana, arzobispo de Toledo, primado de las Españas por D. Francisco Antonio de Escartin

Detalles Bibliográficos
Autor principal: Pouget, François-Aimé, C. O., 1666-1723
Otros Autores: Escartín y Carrera, Francisco Antonio de, tr
Formato: Libro
Lenguaje:Spanish
Publicado: en Madrid : en la imprenta de don Benito Cano, 1803.
Edición:Quinta impression
Materias:
Colección:Banco de datos
Acervo:Fondo Antiguo José Gutiérrez Casillas. S.J. de la Biblioteca Eusebio F. Kino. de la Provincia Mexicana de la Compañía de Jesús
Descripción Física:4 t. ; 4°
Tema general:Catequética
Teología moral
Notas:Portada tipográfica con viñeta en grabado xilográfico. Texto a renglón seguido con paginación en números arábigos, cornisas, titulillos, signaturas, reclamos y notas a pie de página. Cada tomo con portada y paginación propias. Los t. 2-3 publicados en 1803. Paginación: t. 2452 p.; t. 3 435 p. Encuadernación en piel sobre cartón (06074, 23249)
LEADER 01797nam a22002170004500
035 |a 3352 
041 0 |a spa 
100 1 |a Pouget, François-Aimé, C. O., 1666-1723 
245 1 0 |a Instrucciones generales en forma de catecismo: en las quales por la Sagrada Escritura y la tradicion se explican en compendio la historia y los dogmas de la religion, la moral christiana, los sacramentos, la oracion, las ceremonias y usos de la iglesia / escritas en frances por el P. Francisco Amado Pouget, Presbítero del Oratorio, doctor de la Sorbona y abad de Chambon. Con dos catecismos abreviados para uso de los niños. Traducidas ahora nuevamente en castellano de la edicion original del año de 1702, con acuerdo del eminentísimo, y excelentísimo Sr. don Francisco Antonio Lorenzana, cardenal de la santa iglesia romana, arzobispo de Toledo, primado de las Españas por D. Francisco Antonio de Escartin 
250 |a Quinta impression 
260 |a en Madrid : en la imprenta de don Benito Cano, 1803. 
300 |a 4 t. ; 4° 
500 |a Portada tipográfica con viñeta en grabado xilográfico. Texto a renglón seguido con paginación en números arábigos, cornisas, titulillos, signaturas, reclamos y notas a pie de página. Cada tomo con portada y paginación propias. Los t. 2-3 publicados en 1803. Paginación: t. 2452 p.; t. 3 435 p. Encuadernación en piel sobre cartón (06074, 23249)  
504 |a Al final de cada tomo está la tabla de contenido 
650 1 0 |a Catequética 
650 1 0 |a Teología moral  
700 1 |a Escartín y Carrera, Francisco Antonio de, tr. 
949 |a 06074 (t. 2); 23249 (t. 3) 
942 |c KINO 
943 |g Fondo Antiguo José Gutiérrez Casillas. S.J. de la Biblioteca Eusebio F. Kino. de la Provincia Mexicana de la Compañía de Jesús 
999 |c 1096241  |d 1096241